La Planificación de los entes locales : VIII Semana Internacional de Estudios Sociales VIII Semana Internacional de Estudios Sociales
Publicado:
Barcelona :
Diputación Provincial de Barcelona, Instituto de Ciencias Sociales, Sección de Prensa, Información y Ediciones ,
1971
Descripción Física:
2 v. ; 24 cm
Colección:
Colección de ciencias sociales ; 14, 15
MARC
| LEADER | 00000nam a2200000Ia 4500 | ||
|---|---|---|---|
| 001 | 2.269, 2270 | ||
| 008 | 160829s1971 xx 000 0 cat d | ||
| 080 | |a M-1-246, M-1-247 | ||
| 100 | |a Semana Internacional de Estudios Sociales (8a : 1971 : Barcelona) |9 33196 | ||
| 245 | |a La Planificación de los entes locales : |b VIII Semana Internacional de Estudios Sociales | ||
| 260 | |a Barcelona : |b Diputación Provincial de Barcelona, Instituto de Ciencias Sociales, Sección de Prensa, Información y Ediciones, |c 1971 | ||
| 300 | |a 2 v. ; |c 24 cm | ||
| 490 | |a Colección de ciencias sociales ; 14, 15 | ||
| 650 | |a Administració local |x Congressos |9 27317 | ||
| 650 | |a Ciències socials |x Congressos |9 33197 | ||
| 710 | 2 | |a Instituto de Ciencias Sociales (Barcelona, Catalunya) |9 54508 | |
| 901 | |a Arxiu | ||
| 942 | |n 1 | ||
| 952 | |0 0 |1 0 |4 0 |6 M1246_M1247 |7 1 |9 46228 |a Arxiu |b Arxiu |d 2016-12-01 |l 0 |o M-1-246, M-1-247 |p 2.269, 2270 |r 2016-12-01 00:00:00 |w 2016-12-01 |y ARXIU | ||
| 999 | |c 49730 |d 49730 | ||